[Event "OLNW 2122 SV Werder Bremen III - Hameln"]
[Site "?"]
[Date "2021.10.10"]
[Round "1.1"]
[White "Bode, Wilfried"]
[Black "Colbow, Collin"]
[Result "0-1"]
[WhiteElo "2354"]
[BlackElo "2329"]
[PlyCount "66"]
[EventDate "2021.??.??"]

1. c4 c5 2. b3 e6 3. Nf3 Nc6 4. e3 Nf6 5. Bb2 d5 6. cxd5 exd5 7. Bb5 Bd7 8. O-O
Be7 9. d4 cxd4 10. Nxd4 Nxd4 11. Bxd7+ Qxd7 12. Qxd4 O-O 13. Nc3 Rfd8 14. Rac1
b6 15. Ne2 Rac8 16. Qd3 Rxc1 17. Rxc1 Ne4 18. Qc2 Bf6 19. Bxf6 Nxf6 20. Qc7 g6
21. Qxd7 Rxd7 22. Rc8+ Kg7 23. f3 Ng8 24. g4 Ne7 25. Rc2 Kf6 26. Kf2 h5 27. h3
hxg4 28. hxg4 Ke5 29. f4+ Kd6 30. Nd4 a6 31. Kf3 Rd8 32. Rh2 Nc6 33. Nxc6 Kxc6
0-1

[Event "OLNW 2122 SV Werder Bremen III - Hameln"]
[Site "?"]
[Date "2021.10.10"]
[Round "1.2"]
[White "Lichmann, Peter"]
[Black "Tonndorf, Matthias"]
[Result "0-1"]
[WhiteElo "2348"]
[BlackElo "2188"]
[PlyCount "64"]
[EventDate "2021.??.??"]

1. e4 c5 2. Nf3 e6 3. d4 cxd4 4. Nxd4 a6 5. Nc3 Qc7 6. g3 Bb4 7. Nde2 Nf6 8.
Bg2 d6 9. O-O Nbd7 10. h3 Rb8 11. g4 h6 12. a3 Bc5 13. b3 b5 14. Bb2 Bb7 15.
Qd2 Ne5 16. Kh1 Ng6 17. b4 Bb6 18. Nd4 Qc4 19. Rfd1 Nh4 20. f3 O-O 21. Nce2
Nxg2 22. Kxg2 e5 23. Nf5 Nxe4 24. Qd3 Qxd3 25. Rxd3 Ng5 26. Nxd6 Ba8 27. Bxe5
Rbe8 28. Nxe8 Rxe8 29. Kf1 Bxf3 30. Ng3 Rxe5 31. h4 Bxg4 32. hxg5 Bh3# 0-1

[Event "OLNW 2122 SV Werder Bremen III - Hameln"]
[Site "?"]
[Date "2021.10.10"]
[Round "1.3"]
[White "Renner, Kai"]
[Black "Kardoeus, David"]
[Result "0-1"]
[WhiteElo "2177"]
[BlackElo "2186"]
[PlyCount "108"]
[EventDate "2021.??.??"]

1. e4 c6 2. d4 d5 3. e5 Bf5 4. h4 h5 5. Bd3 Bxd3 6. Qxd3 c5 7. dxc5 e6 8. Nf3
Bxc5 9. Qb5+ Nd7 10. Qxb7 Rb8 11. Qa6 Qc7 12. O-O Ne7 13. c3 Nf5 14. Re1 Rb6
15. Qa4 Rc6 16. Qf4 Bb6 17. Na3 a6 18. Nc2 Nc5 19. Nb4 Ne4 20. Rxe4 dxe4 21.
Nxc6 Qxc6 22. Ng5 Qa4 23. Be3 Bxe3 24. fxe3 O-O 25. Qxe4 Qb5 26. b3 Rd8 27. c4
Qc5 28. Re1 Qa5 29. Nf3 Qxa2 30. Nd4 Qd2 31. Nf3 Qc3 32. c5 Qxc5 33. Qc4 Qb6
34. Kf2 Nh6 35. Nd4 Ng4+ 36. Ke2 Nxe5 37. Qc3 Ng4 38. Rc1 Qb7 39. Nf3 Qe4 40.
Rc2 g6 41. Ra2 Qb7 42. Ra4 e5 43. Rc4 Qd7 44. Qc2 Qb5 45. Nd2 Nh6 46. Ne4 Nf5
47. g3 Qb7 48. Kf2 Nd6 49. Nxd6 Rxd6 50. Rc8+ Kg7 51. Qc5 Qd7 52. Qc3 Rd2+ 53.
Kg1 Rd1+ 54. Kh2 Qd5 0-1

[Event "OLNW 2122 SV Werder Bremen III - Hameln"]
[Site "?"]
[Date "2021.10.10"]
[Round "1.4"]
[White "Brinkmann, Fabian"]
[Black "van Son, Lutz"]
[Result "0-1"]
[WhiteElo "2135"]
[BlackElo "2156"]
[PlyCount "60"]
[EventDate "2021.??.??"]

1. d4 d5 2. Nf3 c6 3. c4 e6 4. e3 Bd6 5. Qc2 Nd7 6. Nbd2 Ngf6 7. Bd3 O-O 8. O-O
Re8 9. b3 e5 10. cxd5 cxd5 11. dxe5 Nxe5 12. Nxe5 Rxe5 13. Bb2 Rh5 14. h3 Bxh3
15. gxh3 Qd7 16. f4 Rc8 17. Nc4 dxc4 18. Qg2 c3 19. Bc1 Bc5 20. Be2 Rxh3 21.
Bf3 Rh6 22. b4 Rg6 23. bxc5 Rxg2+ 24. Kxg2 Qa4 25. Bxb7 Rxc5 26. e4 Nxe4 27.
Be3 Rb5 28. Rfd1 Rb2+ 29. Kf3 Nd2+ 30. Bxd2 cxd2 0-1

[Event "OLNW 2122 SV Werder Bremen III - Hameln"]
[Site "?"]
[Date "2021.10.10"]
[Round "1.5"]
[White "Koch, Yannick"]
[Black "Bach, Matthias"]
[Result "0-1"]
[WhiteElo "2097"]
[BlackElo "2238"]
[PlyCount "84"]
[EventDate "2021.??.??"]

1. d4 Nf6 2. c4 c5 3. d5 e6 4. Nc3 exd5 5. cxd5 d6 6. e4 g6 7. Nge2 Bg7 8. Ng3
O-O 9. Be2 a6 10. a4 Nbd7 11. O-O Rb8 12. Be3 h5 13. f3 h4 14. Nh1 h3 15. g3
Ne5 16. Nf2 b5 17. axb5 axb5 18. f4 Nc4 19. Bxc4 bxc4 20. Qe2 Re8 21. Rfe1 Qb6
22. Qxc4 Ng4 23. Nxg4 Qxb2 24. Nf2 Bxc3 25. Qa4 Re7 26. Ra2 Bxe1 27. Rxb2 Rxb2
28. Qa8 Bxf2+ 29. Bxf2 Re8 30. Qa1 Rb4 31. e5 Bf5 32. Qa6 Rb1+ 33. Be1 Rxe1+
34. Kf2 Rh1 35. g4 Rxh2+ 36. Kf3 Rb8 37. gxf5 Rb3+ 38. Ke4 Rd2 39. fxg6 fxg6
40. exd6 h2 41. Qf1 h1=Q+ 42. Qxh1 Re2# 0-1

[Event "OLNW 2122 SV Werder Bremen III - Hameln"]
[Site "?"]
[Date "2021.10.10"]
[Round "1.6"]
[White "Buchal, Stephan"]
[Black "Schmidt, Dennis"]
[Result "1/2-1/2"]
[WhiteElo "2270"]
[BlackElo "2060"]
[PlyCount "57"]
[EventDate "2021.??.??"]

1. c4 c5 2. g3 Nc6 3. Bg2 g6 4. Nc3 Bg7 5. Nf3 d6 6. O-O Bd7 7. e3 Qc8 8. d4
Bh3 9. d5 Ne5 10. Nxe5 Bxe5 11. Bd2 h5 12. f4 Bg7 13. Bxh3 Qxh3 14. Ne4 Qf5 15.
Nf2 Nf6 16. Bc3 O-O 17. Qf3 Ng4 18. e4 Qd7 19. Bxg7 Kxg7 20. Qc3+ f6 21. Nd3 h4
22. h3 hxg3 23. hxg4 Qxg4 24. Ne1 Rh8 25. Qf3 Qh3 26. Qg2 Qg4 27. Qf3 Qh3 28.
Qg2 Qg4 29. Qf3 1/2-1/2

[Event "OLNW 2122 SV Werder Bremen III - Hameln"]
[Site "?"]
[Date "2021.10.10"]
[Round "1.7"]
[White "Jacobi, Felix-Hagen"]
[Black "Franke, Reiner"]
[Result "1/2-1/2"]
[WhiteElo "2092"]
[BlackElo "2247"]
[PlyCount "82"]
[EventDate "2021.??.??"]

1. e4 c5 2. f4 g6 3. c3 d5 4. Bb5+ Bd7 5. Bxd7+ Qxd7 6. d3 Nc6 7. Qe2 Bg7 8.
Nf3 e6 9. O-O Nge7 10. Nbd2 b6 11. Re1 h5 12. Ng5 Rd8 13. Ndf3 dxe4 14. dxe4 f6
15. Nh3 Qd3 16. Qxd3 Rxd3 17. Nf2 Rd8 18. Be3 Bh6 19. Rad1 Kf7 20. g3 Rxd1 21.
Rxd1 Rd8 22. Rxd8 Nxd8 23. Kf1 e5 24. Ke2 exf4 25. gxf4 Ke8 26. b3 Kd7 27. Nd3
Bg7 28. a4 f5 29. e5 Ne6 30. Bd2 Bh6 31. Kf2 Ke8 32. Kg3 Nc6 33. Nb2 Na5 34. b4
Nb3 35. Be3 cxb4 36. cxb4 Bf8 37. Nd3 Be7 38. Nh4 Kf7 39. Nf3 Ke8 40. Nh4 Kf7
41. Nf3 Ke8 1/2-1/2

[Event "OLNW 2122 SV Werder Bremen III - Hameln"]
[Site "?"]
[Date "2021.10.10"]
[Round "1.8"]
[White "Steffens, Olaf"]
[Black "Belov, Igor"]
[Result "1-0"]
[WhiteElo "2092"]
[BlackElo "2048"]
[PlyCount "71"]
[EventDate "2021.??.??"]

1. b4 e5 2. a3 d6 3. e3 g6 4. Bb2 Bg7 5. Nf3 Ne7 6. c4 O-O 7. Nc3 b6 8. Be2 Bb7
9. d4 Nd7 10. O-O h6 11. Qc2 f5 12. dxe5 Nxe5 13. Nd4 Qd7 14. f4 Ng4 15. Bxg4
fxg4 16. Rad1 Nf5 17. Nxf5 gxf5 18. c5 Qe6 19. Rfe1 dxc5 20. bxc5 bxc5 21. Na4
Be4 22. Qxc5 Bxb2 23. Nxb2 Qb6 24. Qc4+ Rf7 25. Nd3 Bxd3 26. Rxd3 Kg7 27. Rd5
Re8 28. Qc3+ Kg6 29. Kf2 Re4 30. Rc5 Rf6 31. Rd1 c6 32. Rd7 h5 33. Kg3 Qa6 34.
Rxf5 Kxf5 35. Qc5+ Ke6 36. Re7# 1-0

[Event "OLNW 2122 SK Nordhorn Blanke - SV Helle"]
[Site "?"]
[Date "2021.10.10"]
[Round "1.1"]
[White "Gronde, Ingo"]
[Black "Kroeze, Frank"]
[Result "1/2-1/2"]
[WhiteElo "2233"]
[BlackElo "2379"]
[PlyCount "33"]
[EventDate "2021.??.??"]

1. e4 c5 2. Nf3 e6 3. d4 cxd4 4. Nxd4 a6 5. Bd3 Qc7 6. O-O Nf6 7. Qe2 d6 8. f4
Nbd7 9. c4 g6 10. f5 e5 11. Ne6 fxe6 12. fxe6 Bg7 13. exd7+ Bxd7 14. Nc3 O-O
15. Be3 Be6 16. Rac1 Ng4 17. Nd5 1/2-1/2

[Event "OLNW 2122 SK Nordhorn Blanke - SV Helle"]
[Site "?"]
[Date "2021.10.10"]
[Round "1.2"]
[White "Elgersma, Simon"]
[Black "Lehmann, Holger"]
[Result "1-0"]
[WhiteElo "2195"]
[BlackElo "2151"]
[PlyCount "157"]
[EventDate "2021.??.??"]

1. e4 c5 2. Nf3 e6 3. d4 cxd4 4. Nxd4 a6 5. c4 Nf6 6. Nc3 Qc7 7. a3 b6 8. Be2
Bb7 9. f3 d6 10. Be3 Nbd7 11. O-O Be7 12. Rc1 O-O 13. b4 Rac8 14. Nb3 Qb8 15.
Qd2 Rfe8 16. Rfd1 Bd8 17. Kh1 Bc7 18. Bf4 d5 19. Bxc7 Rxc7 20. cxd5 exd5 21.
exd5 Nxd5 22. Nxd5 Bxd5 23. Qxd5 Rxe2 24. Nd4 Rd2 25. Kg1 Rxc1 26. Rxc1 Nf8 27.
Qe4 g6 28. Qe3 Ra2 29. Nc6 Qd6 30. Ne7+ Kg7 31. Nc8 Qf6 32. Nxb6 Qb2 33. Qc3+
Qxc3 34. Rxc3 Ne6 35. Nd5 Nd4 36. Rd3 Nb5 37. Kf1 Nxa3 38. Nc7 Nb5 39. Nxb5
axb5 40. Rd5 h5 41. h4 Rb2 42. Rxb5 Kf6 43. Rb6+ Kg7 44. Rb7 Kf6 45. Kg1 Ke6
46. Kh2 Kf6 47. Kg3 Ke6 48. b5 Kf6 49. Kh2 Ke6 50. Kh3 Rb3 51. Kg3 Rb2 52. b6
Kf6 53. Rb8 Kf5 54. Kh3 Rb3 55. Rb7 Kf6 56. Kg3 Rb2 57. Kh2 Ke6 58. Kg1 Kf6 59.
Kf1 Ke6 60. g4 hxg4 61. fxg4 Rb4 62. Rb8 Kf6 63. h5 gxh5 64. gxh5 Kg7 65. Ke2
Rb5 66. Kd3 Rxh5 67. Kc4 Rh1 68. Rd8 Rb1 69. Kc5 Kg6 70. Rd4 Rc1+ 71. Rc4 Rb1
72. Rb4 Rc1+ 73. Kb5 Rc8 74. b7 Rb8 75. Kc6 f5 76. Kc7 Rf8 77. b8=Q Rxb8 78.
Rxb8 f4 79. Rf8 1-0

[Event "OLNW 2122 SK Nordhorn Blanke - SV Helle"]
[Site "?"]
[Date "2021.10.10"]
[Round "1.3"]
[White "Stock, Joerg"]
[Black "Bertholee, Rob"]
[Result "0-1"]
[WhiteElo "2209"]
[BlackElo "2313"]
[PlyCount "120"]
[EventDate "2021.??.??"]

1. e4 e6 2. d4 d5 3. Nd2 a6 4. Ngf3 c5 5. dxc5 Bxc5 6. Bd3 Nf6 7. Qe2 Nc6 8.
exd5 Nxd5 9. Ne4 Be7 10. a3 Qc7 11. O-O O-O 12. Re1 Nf4 13. Bxf4 Qxf4 14. Rad1
Rd8 15. Ng3 g6 16. Qf1 Bd7 17. c3 Be8 18. Be4 h5 19. Bc2 Rxd1 20. Rxd1 Rd8 21.
Re1 Bc5 22. Ne4 Ba7 23. Qe2 Ne7 24. g3 Qc7 25. Nf6+ Kg7 26. Nxe8+ Rxe8 27. Ng5
Nd5 28. Ne4 h4 29. Qf3 Qe7 30. c4 Nf6 31. Nxf6 Qxf6 32. Qxf6+ Kxf6 33. Be4 Rd8
34. gxh4 Rd2 35. Rb1 Bxf2+ 36. Kg2 Bd4+ 37. Kh3 b6 38. b3 Be5 39. Rf1+ Kg7 40.
Bg2 f5 41. Rf3 a5 42. b4 a4 43. c5 bxc5 44. bxc5 Kf6 45. c6 Bc7 46. Rf1 Rb2 47.
Rf3 e5 48. Rd3 e4 49. Rd7 Rb3+ 50. Bf3 Rxf3+ 51. Kg2 Be5 52. h5 gxh5 53. Rh7
Kg6 54. Re7 Bf4 55. Ra7 Rxa3 56. Ra6 Kg5 57. Ra8 Ra2+ 58. Kh1 Kg4 59. c7 Bxc7
60. Rg8+ Kf3 0-1

[Event "OLNW 2122 SK Nordhorn Blanke - SV Helle"]
[Site "?"]
[Date "2021.10.10"]
[Round "1.4"]
[White "Stotyn, Fabian"]
[Black "Happe, Reinhold"]
[Result "0-1"]
[WhiteElo "2193"]
[BlackElo "2119"]
[PlyCount "66"]
[EventDate "2021.??.??"]

1. e4 e5 2. Nf3 Nc6 3. d4 exd4 4. Nxd4 Nf6 5. Nc3 Bb4 6. Nxc6 bxc6 7. Bd3 O-O
8. O-O d5 9. exd5 Bg4 10. f3 Bh5 11. Ne4 cxd5 12. Ng3 Bg6 13. Bxg6 hxg6 14. Bg5
c6 15. c3 Bd6 16. Qd2 Qc7 17. Bxf6 gxf6 18. f4 Rae8 19. Rf3 f5 20. Qf2 Re6 21.
Nf1 Rfe8 22. Ng3 Qe7 23. Kf1 Bc5 24. Qd2 Bb6 25. b4 Qh4 26. Nh1 Qxh2 27. Nf2
Re3 28. Rxe3 Bxe3 29. Qe2 Qxf4 30. Re1 Re6 31. Qf3 Qxf3 32. gxf3 Bxf2 33. Kxf2
Rxe1 0-1

[Event "OLNW 2122 SK Nordhorn Blanke - SV Helle"]
[Site "?"]
[Date "2021.10.10"]
[Round "1.5"]
[White "Lewin, Tammo"]
[Black "Oehne, Timo"]
[Result "1/2-1/2"]
[WhiteElo "2076"]
[BlackElo "2098"]
[PlyCount "58"]
[EventDate "2021.??.??"]

1. d4 Nf6 2. c4 g6 3. Nc3 Bg7 4. e4 O-O 5. f3 d6 6. Be3 Nbd7 7. Qd2 c5 8. Nge2
cxd4 9. Nxd4 Ne5 10. Be2 Bd7 11. O-O a6 12. Rac1 Re8 13. Rfd1 Rc8 14. Nd5 Nc6
15. Nxc6 Bxc6 16. Nb6 Rb8 17. b4 Nd7 18. Nxd7 Qxd7 19. Rb1 b5 20. c5 Rbd8 21.
cxd6 Qxd6 22. Qxd6 Rxd6 23. Bc5 Rxd1+ 24. Rxd1 Bf8 25. Kf2 e6 26. Bxf8 Kxf8 27.
Rc1 Bb7 28. Rc7 Re7 29. Rxe7 Kxe7 1/2-1/2

[Event "OLNW 2122 SK Nordhorn Blanke - SV Helle"]
[Site "?"]
[Date "2021.10.10"]
[Round "1.6"]
[White "Hoellmann, Ludger"]
[Black "Hart, Martin"]
[Result "1/2-1/2"]
[WhiteElo "2115"]
[BlackElo "2010"]
[PlyCount "72"]
[EventDate "2021.??.??"]

1. Nf3 d6 2. d4 Bg4 3. c4 Nd7 4. Qb3 Rb8 5. h3 Bxf3 6. Qxf3 c5 7. dxc5 Qa5+ 8.
Nc3 Qxc5 9. e4 Ne5 10. Qe3 g6 11. Be2 Bh6 12. f4 Nc6 13. O-O Nd4 14. Bd3 e5 15.
Nd5 exf4 16. Qf2 Ne6 17. Nxf4 Bxf4 18. Bxf4 Nxf4 19. Qxc5 Nxh3+ 20. gxh3 dxc5
21. e5 Ne7 22. Be4 O-O 23. Rad1 Nc6 24. Bxc6 bxc6 25. b3 Rbd8 26. Kf2 Rfe8 27.
Rxd8 Rxd8 28. Ke3 Re8 29. Kf4 f6 30. exf6 Kf7 31. Rd1 Kxf6 32. h4 h6 33. Rd6+
Re6 34. Rd7 Re7 35. Rd6+ Re6 36. Rd2 Re7 1/2-1/2

[Event "OLNW 2122 SK Nordhorn Blanke - SV Helle"]
[Site "?"]
[Date "2021.10.10"]
[Round "1.7"]
[White "Bade, Hans-Juergen"]
[Black "Plasman, Hans"]
[Result "0-1"]
[WhiteElo "1994"]
[BlackElo "2038"]
[PlyCount "82"]
[EventDate "2021.??.??"]

1. e4 c5 2. Nc3 Nc6 3. f4 g6 4. Nf3 Bg7 5. Bb5 Nd4 6. Bd3 d6 7. Nxd4 cxd4 8.
Ne2 e5 9. O-O Nf6 10. Qe1 O-O 11. Ng3 exf4 12. Rxf4 Ng4 13. Be2 Ne5 14. d3 Be6
15. c4 b5 16. cxb5 Qb6 17. a4 a6 18. b4 axb5 19. a5 Qb7 20. Qd1 Rfc8 21. Rf1
Rc3 22. Bd2 Bb3 23. Qb1 Bc2 24. Qa2 Rc7 25. Qa3 Rac8 26. Rac1 Rc6 27. Nh1 Rc3
28. Bxc3 Rxc3 29. Qa2 Qc8 30. Ng3 Bh6 31. Rxc2 Rxc2 32. Qd5 Be3+ 33. Kh1 Qc6
34. Qxc6 Nxc6 35. Ra1 h5 36. a6 h4 37. Bd1 Rf2 38. a7 Nxa7 39. Rxa7 hxg3 40.
hxg3 Rf1+ 41. Kh2 Rxd1 0-1

[Event "OLNW 2122 SK Nordhorn Blanke - SV Helle"]
[Site "?"]
[Date "2021.10.10"]
[Round "1.8"]
[White "Wilmink, Anna"]
[Black "Ernst, Franz"]
[Result "1-0"]
[WhiteElo "1560"]
[BlackElo "1938"]
[PlyCount "72"]
[EventDate "2021.??.??"]

1. e4 e5 2. Nf3 d6 3. d4 exd4 4. Nxd4 Nf6 5. Nc3 Be7 6. f4 O-O 7. Be2 Re8 8.
O-O c5 9. Nf5 Bf8 10. Bf3 Nc6 11. g4 Bxf5 12. exf5 Qb6 13. g5 Nd7 14. Bd5 Ne7
15. Bc4 Qc6 16. Qg4 d5 17. Bb5 Qd6 18. f6 Nc6 19. Qf5 Nb6 20. fxg7 Bxg7 21. Bd3
Qg6 22. Qh3 Bd4+ 23. Kh1 Qg7 24. f5 f6 25. g6 c4 26. Bh6 Qd7 27. gxh7+ Kh8 28.
Be2 Re7 29. Bh5 Ne5 30. Qh4 Nf7 31. Bxf7 Rxf7 32. Qxd4 Rd8 33. Rf3 Qd6 34. Re1
Rxh7 35. Re6 Rxh6 36. Rxd6 Rxd6 1-0

[Event "OLNW 2122 SK Lehrte - Delmenhorster SK"]
[Site "?"]
[Date "2021.10.10"]
[Round "1.1"]
[White "Korsus, Bernd"]
[Black "Stelmaszyk, Nico"]
[Result "1/2-1/2"]
[WhiteElo "2301"]
[BlackElo "2311"]
[PlyCount "78"]
[EventDate "2021.??.??"]

1. c4 c5 2. g3 g6 3. Bg2 Bg7 4. Nf3 Nc6 5. O-O e5 6. Nc3 Nge7 7. d3 O-O 8. Bd2
h6 9. a3 d6 10. Rb1 a5 11. Ne1 Be6 12. Nc2 d5 13. cxd5 Nxd5 14. Na4 b6 15. Ne3
Rb8 16. Nc3 Nxe3 17. fxe3 Qd7 18. Qa4 Rfc8 19. e4 b5 20. Qd1 Ne7 21. Be3 a4 22.
Qd2 Kh7 23. Rbc1 b4 24. Nd5 bxa3 25. bxa3 Nxd5 26. exd5 Bxd5 27. Bxc5 Rb3 28.
Bb4 Rxc1 29. Qxc1 Bxg2 30. Kxg2 Qd5+ 31. Rf3 e4 32. dxe4 Qxe4 33. Qf4 Qxe2+ 34.
Rf2 Qb5 35. Qxf7 Qc6+ 36. Kh3 Qc8+ 37. Kg2 Qc6+ 38. Kh3 Qc8+ 39. Kg2 Qc6+
1/2-1/2

[Event "OLNW 2122 SK Lehrte - Delmenhorster SK"]
[Site "?"]
[Date "2021.10.10"]
[Round "1.2"]
[White "Schirm, Friedmar"]
[Black "Mossakowski, Florian"]
[Result "0-1"]
[WhiteElo "2270"]
[BlackElo "2281"]
[PlyCount "102"]
[EventDate "2021.??.??"]

1. Nf3 d5 2. d4 Nf6 3. g3 Bf5 4. Bg2 e6 5. O-O Be7 6. c4 c6 7. Nc3 Nbd7 8. Nd2
O-O 9. e4 dxe4 10. Ndxe4 Nxe4 11. Nxe4 Nf6 12. Nc3 Qd7 13. Bf4 Rad8 14. Qb3 b5
15. cxb5 cxb5 16. Rfd1 b4 17. Na4 Nd5 18. Nc5 Qe8 19. Bd2 a5 20. a3 Qb5 21.
axb4 axb4 22. Bf1 Qb8 23. Ra4 h5 24. Rda1 Rfe8 25. Ra7 Bxc5 26. dxc5 Rc8 27.
R7a5 Qe5 28. Bxb4 Rb8 29. Bc3 Qe4 30. Rb5 Rxb5 31. Qxb5 Rd8 32. Ba5 Rc8 33. Re1
Qd4 34. b4 Qd2 35. Qe2 Qd4 36. Rd1 Qc3 37. Qd2 Qa3 38. Rc1 Be4 39. Be2 h4 40.
c6 hxg3 41. hxg3 f5 42. Rc4 Kf7 43. Qc1 Rh8 44. f3 Qb3 45. Rd4 Bxf3 46. Rd3
Qxd3 47. Bxd3 Rh1+ 48. Kf2 Rxc1 49. b5 Be4 50. Be2 Rc2 51. Ke1 Nc3 0-1

[Event "OLNW 2122 SK Lehrte - Delmenhorster SK"]
[Site "?"]
[Date "2021.10.10"]
[Round "1.3"]
[White "Pahl, Theis"]
[Black "Hartogh, Christian"]
[Result "1-0"]
[WhiteElo "2178"]
[BlackElo "2128"]
[PlyCount "51"]
[EventDate "2021.??.??"]

1. e4 c5 2. Nc3 a6 3. g4 b5 4. Bg2 Bb7 5. d3 e6 6. Nh3 d5 7. O-O Ne7 8. f4 g6
9. f5 d4 10. fxe6 dxc3 11. exf7+ Kd7 12. d4 Bg7 13. bxc3 Nbc6 14. dxc5+ Kc7 15.
Bf4+ Ne5 16. Ng5 Bc8 17. Qxd8+ Rxd8 18. Bxe5+ Bxe5 19. f8=Q Rxf8 20. Rxf8 Bxc3
21. Rd1 Bxg4 22. Ne6+ Bxe6 23. Rxa8 Nc6 24. Rxa6 Bg4 25. Rd6 Ne5 26. Ra7+ 1-0

[Event "OLNW 2122 SK Lehrte - Delmenhorster SK"]
[Site "?"]
[Date "2021.10.10"]
[Round "1.4"]
[White "Schruefer, Guenther"]
[Black "Hedke, Fred"]
[Result "1/2-1/2"]
[WhiteElo "2208"]
[BlackElo "2235"]
[PlyCount "71"]
[EventDate "2021.??.??"]

1. e4 e5 2. Nf3 Nc6 3. Bb5 a6 4. Ba4 Nf6 5. O-O d6 6. Re1 b5 7. Bb3 Be7 8. c3
O-O 9. h3 Na5 10. Bc2 c5 11. d4 Qc7 12. Nbd2 Re8 13. Nf1 h6 14. Ng3 Bf8 15. b3
g6 16. Be3 Kh7 17. Qd2 Bb7 18. d5 Bc8 19. Kh1 Bd7 20. Rg1 Bg7 21. Kh2 Qd8 22.
Rac1 Rb8 23. Kh1 Rf8 24. Kh2 Ng8 25. Ne2 f5 26. exf5 Bxf5 27. Ng3 Bxc2 28. Qxc2
Nf6 29. Rcd1 Nb7 30. Ne4 Nh5 31. Rge1 Nf4 32. Ng1 Qd7 33. g3 Nh5 34. Qd3 Rf7
35. Re2 Rbf8 36. Rb2 1/2-1/2

[Event "OLNW 2122 SK Lehrte - Delmenhorster SK"]
[Site "?"]
[Date "2021.10.10"]
[Round "1.5"]
[White "Pahl, Erik"]
[Black "Beduerftig, Heinrich"]
[Result "1-0"]
[WhiteElo "2080"]
[BlackElo "2222"]
[PlyCount "69"]
[EventDate "2021.??.??"]

1. e4 c5 2. Nf3 Nc6 3. d4 cxd4 4. Nxd4 e6 5. Nc3 Qc7 6. Be3 a6 7. Be2 Nf6 8. a3
Be7 9. f4 d6 10. g4 h6 11. h4 Nxd4 12. Qxd4 e5 13. Qd2 exf4 14. Bxf4 Be6 15.
O-O-O O-O-O 16. g5 hxg5 17. hxg5 Rxh1 18. Rxh1 Nd7 19. Nd5 Bxd5 20. Qxd5 Ne5
21. Rh3 Nc6 22. Rc3 Rh8 23. Bxa6 Kd7 24. Be2 Ke8 25. Bc4 Rf8 26. Bb5 Rh8 27.
Bxc6+ bxc6 28. Rxc6 Qd7 29. Kb1 Rh1+ 30. Ka2 Qe6 31. a4 Kd7 32. a5 Rd1 33.
Qxe6+ fxe6 34. Rc4 d5 35. a6 1-0

[Event "OLNW 2122 SK Lehrte - Delmenhorster SK"]
[Site "?"]
[Date "2021.10.10"]
[Round "1.6"]
[White "Meiwes, Thore"]
[Black "Margraf, Daniel"]
[Result "0-1"]
[WhiteElo "2064"]
[BlackElo "2243"]
[PlyCount "88"]
[EventDate "2021.??.??"]

1. d4 Nf6 2. Bf4 b6 3. e3 e6 4. Nd2 Be7 5. h3 O-O 6. Ngf3 c5 7. c3 d6 8. Bd3
Bb7 9. O-O Nc6 10. Bh2 Rc8 11. Qe2 Re8 12. a3 Bf8 13. e4 cxd4 14. cxd4 e5 15.
d5 Nd4 16. Nxd4 exd4 17. Qd1 Nd7 18. Qa4 g6 19. b4 a6 20. Rac1 b5 21. Qb3 Qf6
22. a4 Bh6 23. Rxc8 Rxc8 24. Nb1 Bf4 25. g3 Bh6 26. axb5 axb5 27. Bxb5 Qd8 28.
Rd1 Bg7 29. g4 Qe7 30. Bxd7 Qxd7 31. Kg2 f5 32. f3 fxe4 33. fxe4 Ba6 34. b5
Bxb5 35. Na3 Be2 36. Re1 d3 37. Nc4 Qf7 38. Nd2 Bh6 39. Qb4 Rf8 40. Bg3 Be3 41.
Qc3 Bf2 42. Bxd6 Bxe1 43. Bxf8 Qf2+ 44. Kh1 Bf3+ 0-1

[Event "OLNW 2122 SK Lehrte - Delmenhorster SK"]
[Site "?"]
[Date "2021.10.10"]
[Round "1.7"]
[White "Petri, Ben-Luca"]
[Black "Kohlmann, Arndt"]
[Result "0-1"]
[WhiteElo "1820"]
[BlackElo "2028"]
[PlyCount "48"]
[EventDate "2021.??.??"]

1. d4 Nf6 2. c4 e6 3. Nf3 c5 4. d5 exd5 5. cxd5 d6 6. Nc3 g6 7. e4 Bg7 8. Bd3
O-O 9. O-O Bg4 10. h3 Bxf3 11. Qxf3 Re8 12. Bf4 Nh5 13. Bh2 Be5 14. Bxe5 Rxe5
15. Qe3 Nd7 16. f4 Re8 17. Qf2 a6 18. a4 Qf6 19. g4 Qd4 20. Rad1 Nxf4 21. Qxd4
Nxh3+ 22. Kh2 cxd4 23. Kxh3 dxc3 24. bxc3 Rac8 0-1

[Event "OLNW 2122 SK Lehrte - Delmenhorster SK"]
[Site "?"]
[Date "2021.10.10"]
[Round "1.8"]
[White "Reimer, Philip"]
[Black "Wander, Dennis"]
[Result "1-0"]
[WhiteElo "1983"]
[BlackElo "1641"]
[PlyCount "47"]
[EventDate "2021.??.??"]

1. d4 d5 2. Bf4 c5 3. e3 Nc6 4. c3 Nf6 5. Nd2 Bf5 6. Ngf3 e6 7. Qb3 Qb6 8. Qxb6
axb6 9. Bb5 Nd7 10. O-O f6 11. Rfe1 g5 12. Bg3 cxd4 13. Nxd4 Nxd4 14. exd4 Ke7
15. c4 Bd3 16. Re3 f5 17. Rxd3 f4 18. Re1 Kd6 19. Rde3 Re8 20. cxd5 Kxd5 21.
Re5+ Nxe5 22. Rxe5+ Kd6 23. Bxe8 Bg7 24. Rxg5 1-0

[Event "OLNW 2122 SK Union Oldenburg - SVG Salz"]
[Site "?"]
[Date "2021.10.10"]
[Round "1.1"]
[White "Riemay, David"]
[Black "Mueer, Sebastian"]
[Result "0-1"]
[WhiteElo "2173"]
[BlackElo "2247"]
[PlyCount "71"]
[EventDate "2021.??.??"]

1. d4 Nf6 2. e3 g6 3. Nf3 Bg7 4. Be2 O-O 5. O-O d6 6. b3 e5 7. dxe5 dxe5 8. Bb2
e4 9. Nfd2 Re8 10. c4 Na6 11. Nc3 Bf5 12. a3 Nc5 13. Rb1 a5 14. Qc2 c6 15. Rfd1
Qe7 16. Nf1 Nd3 17. Ba1 Qxa3 18. Ng3 Qf8 19. Ncxe4 Nb4 20. Nxf6+ Bxf6 21. Qxf5
gxf5 22. Bxf6 Re6 23. Bc3 Na2 24. Ba1 Qb4 25. Rd3 Rd6 26. Rxd6 Qxd6 27. Rd1 Qb4
28. Bh5 a4 29. Nxf5 axb3 30. Bb2 Nc3 31. Rd7 Rf8 32. Rd3 Qc5 33. g4 h6 34. Bxc3
Qxc4 35. Nxh6+ Kh7 36. Rd7 0-1

[Event "OLNW 2122 SK Union Oldenburg - SVG Salz"]
[Site "?"]
[Date "2021.10.10"]
[Round "1.2"]
[White "Wittje, Berthold"]
[Black "Lau, Udo"]
[Result "1-0"]
[WhiteElo "2217"]
[BlackElo "2151"]
[PlyCount "101"]
[EventDate "2021.??.??"]

1. Nf3 d6 2. d4 Nd7 3. c4 c6 4. Nc3 e5 5. e4 Be7 6. g3 Ngf6 7. Bg2 O-O 8. O-O
Qc7 9. b3 Re8 10. Bb2 Bf8 11. Qd2 exd4 12. Nxd4 Nc5 13. Rfe1 a5 14. Rad1 Bd7
15. h3 Rad8 16. Kh2 Bc8 17. f4 h6 18. Qf2 Bd7 19. Kh1 Qc8 20. g4 Nh7 21. Nf5
Bxf5 22. gxf5 Nd7 23. Rg1 Ndf6 24. Qh4 Kh8 25. Bf3 Qc7 26. Rd2 Qb8 27. Rdg2 Ng8
28. Ne2 f6 29. Nd4 Rd7 30. Ne6 Rde7 31. Bh5 Rxe6 32. fxe6 Rxe6 33. Bg6 Re7 34.
Qh5 Qc8 35. Bf5 Qe8 36. Qf3 d5 37. cxd5 cxd5 38. exd5 Re3 39. Qd1 Ne7 40. Be6
Ng8 41. Re1 Rxe1+ 42. Qxe1 Bd6 43. Re2 Qh5 44. Rf2 Nf8 45. Qe4 Ne7 46. Kg2 Qg6+
47. Qxg6 Nfxg6 48. f5 Ne5 49. Bd4 Kh7 50. Rc2 g6 51. Bc5 1-0

[Event "OLNW 2122 SK Union Oldenburg - SVG Salz"]
[Site "?"]
[Date "2021.10.10"]
[Round "1.3"]
[White "Nielsen, Lars"]
[Black "Bredemeier, Dirk"]
[Result "0-1"]
[WhiteElo "2069"]
[BlackElo "2230"]
[PlyCount "120"]
[EventDate "2021.??.??"]

1. e4 c5 2. Nf3 e6 3. b4 b6 4. bxc5 bxc5 5. Nc3 Nc6 6. Rb1 a6 7. g3 d6 8. Bg2
Nge7 9. O-O Qa5 10. a3 g6 11. Ne2 e5 12. d3 Bg7 13. Nd2 O-O 14. Nc4 Qc7 15. Nc3
Be6 16. Nd5 Bxd5 17. exd5 Nd4 18. Bd2 Rab8 19. Ba5 Qd7 20. c3 Nb5 21. Qb3 Qa7
22. Qc2 Qd7 23. a4 Nc7 24. Rb6 Rxb6 25. Nxb6 Qf5 26. Be4 Qh3 27. c4 Na8 28. Rb1
Rb8 29. Nxa8 Rxa8 30. Rb7 Nf5 31. Qb1 Nd4 32. Qf1 Qc8 33. Rc7 Qb8 34. f4 f5 35.
fxe5 Bxe5 36. g4 Ra7 37. Rxa7 Qxa7 38. gxf5 gxf5 39. Bxf5 Qg7+ 40. Kh1 Qh6 41.
Qg2+ Kh8 42. Bd2 Qh5 43. Bg4 Qf7 44. Kg1 Qg6 45. Be6 Nf3+ 46. Kh1 Qxg2+ 47.
Kxg2 Nxd2 48. Bc8 a5 49. h3 Kg7 50. Kf2 Kf6 51. Bd7 Bf4 52. Ke2 Ke5 53. Be8 Kd4
54. h4 Kc3 55. h5 Kb3 56. Bd7 Nb1 57. Kf3 Be5 58. Bf5 Nc3 59. Bxh7 Nxa4 60. Bg6
Nb6 0-1